000 002880000a22000970004500
245 1 0 _aSustentabilidad... La co-responsabilidad, más allá del altruismo
300 _aVol.0, núm.5 (2008), Página 2
650 1 4 _aMAYORDOMÍA-CREACIÓN
773 0 _tLa Voz Luterana de Colombia
942 _cANA
999 _c62759
_d62759